00517nam a22001817a 450000500170000001000110001702000100002803500110003803700160004904000120006508200130007724501110009026000240020130000230022565000490024865000210029770000170031820170124110248.0 a300589 c00.00 a300589 bCen Lib/Ret aDPLbEN a881bPEO aThe people speak out :ctranslated by Rewi Alleybtranslations of poems and songs of the people of China / aChinabPekingc1954 ax,107p. c18cm(Hb) aChinese poetry -- Translations into English. aChina -- Poetry. aAlley, Rewi